[Event "Mistrzostwa Polski Juniorow do lat 16 - Chlopcy"]
[Site "Jastrzebia Gora"]
[Date "1899-12-30"]
[Round "2.3"]
[White "Dziewonski, Dariusz"]
[Black "Kejna, Piotr"]
[Result "1/2-1/2"]
[WhiteTitle "k"]
[BlackTitle "CM"]
[WhiteElo "2237"]
[BlackElo "2027"]

1. e4 c5 2. Nf3 d6 3. d4 cxd4 4. Nxd4 Nf6 5. Nc3 Nc6 6. Bc4 e5 7. Nde2 Be7 8. O-O
O-O 9. a3 Be6 10. Qd3 Rc8 11. Nd5 Bxd5 12. Bxd5 Nxd5 13. Qxd5 Kh8 14. Rd1 Qd7
15. Be3 f5 16. exf5 Qxf5 17. c4 Bh4 18. f3 Rf6 19. Qe4 Bg5 20. Rd3 Qxe4 21. fxe4
Bxe3+ 22. Rxe3 Rcf8 23. Re1 Kg8 24. Rd3 R8f7 25. b3 Kf8 26. Rdd1 Ke8 27. Rf1 Rxf1+
28. Rxf1 Rxf1+ 29. Kxf1 Na5 30. Nc1 Kd7 31. Ke2 Nc6 32. Kd3 Nd4 33. b4 Kc6 34.
Ne2 Nxe2 35. Kxe2 a6 36. Kd3 b6 37. Kc3 Kc7 38. Kb3 Kc6 39. a4 a5 40. b5+ Kd7
1/2-1/2

[Event "Mistrzostwa Polski Juniorow do lat 16 - Chlopcy"]
[Site "Jastrzebia Gora"]
[Date "1899-12-30"]
[Round "2.4"]
[White "Madej, Marek"]
[Black "Fiszer, Bartosz"]
[Result "1-0"]
[WhiteTitle "I++"]
[BlackTitle "CM"]
[WhiteElo "2052"]
[BlackElo "2232"]

1. e4 c5 2. Nf3 d6 3. d4 cxd4 4. Nxd4 Nf6 5. Nc3 Nc6 6. f3 e5 7. Nb3 Be7 8. Be3
O-O 9. Qd2 a5 10. Bb5 Na7 11. Bxa7 Rxa7 12. Qe3 Ra8 13. O-O-O Nd7 14. Kb1 Nb6
15. Nc5 Bg5 16. Qf2 f5 17. exf5 Rxf5 18. N5e4 d5 19. Nxd5 Nxd5 20. Qc5 Be7 21.
Rxd5 Qf8 22. Qb6 Rh5 23. Bd7 Kh8 24. c3 a4 25. Qe6 Ra6 26. Qg4 Rh4 27. Qg3 Bxd7
28. Rxd7 Rf4 29. Qe1 Rg6 30. Qe2 h5 31. Rhd1 h4 32. h3 Rb6 33. R1d5 Kh7 34. Rxe5
Ba3 35. Rh5+ Kg6 36. Rb5 Re6 37. Rg5+ Kh6 38. Qb5 Kh7 39. Rgxg7+ 1-0

[Event "Mistrzostwa Polski Juniorow do lat 16 - Chlopcy"]
[Site "Jastrzebia Gora"]
[Date "1899-12-30"]
[Round "2.5"]
[White "Janeczko, Jakub"]
[Black "Demski, Michal"]
[Result "1/2-1/2"]
[WhiteTitle "I++"]
[BlackTitle "I+"]
[WhiteElo "2221"]
[BlackElo "2009"]

1. e4 d5 2. exd5 Qxd5 3. Nc3 Qa5 4. d4 Nf6 5. Nf3 Bg4 6. h3 Bh5 7. g4 Bg6 8. Ne5
c6 9. Be2 Nbd7 10. Nxd7 Nxd7 11. O-O e6 12. Bf4 Be7 13. a3 O-O 14. Bg3 Nf6 15.
Bf3 Qb6 16. Na4 Qd8 17. Re1 Bd6 18. Be5 Bxe5 19. dxe5 Nd5 20. Qd2 Qh4 21. Bg2
h5 22. c4 hxg4 23. hxg4 Qxg4 24. cxd5 Qxa4 25. d6 Qc2 26. Qg5 Qxb2 27. Rad1 Bf5
28. Re3 f6 29. Qg3 fxe5 30. Rb3 Qc2 31. Re1 Qd2 32. Qxe5 Rf6 33. Rxb7 Rd8 1/2-1/2

[Event "Mistrzostwa Polski Juniorow do lat 16 - Chlopcy"]
[Site "Jastrzebia Gora"]
[Date "1899-12-30"]
[Round "2.6"]
[White "Meers, Hubert"]
[Black "Musial, Igor"]
[Result "1/2-1/2"]
[WhiteTitle "k"]
[BlackTitle "I"]
[WhiteElo "2150"]
[BlackElo "1825"]

1. e4 c5 2. Nf3 d6 3. Bc4 Nf6 4. d3 Nc6 5. O-O e6 6. Re1 Bd7 7. c3 Na5 8. e5 dxe5
9. Nxe5 b5 10. Bb3 Nxb3 11. axb3 Be7 12. d4 Qc7 13. Bf4 Qb7 14. dxc5 Bxc5 15.
b4 Bb6 16. Nxd7 Qxd7 17. Na3 Nd5 18. Be5 O-O 19. Nc2 Bc7 20. Nd4 Bxe5 21. Rxe5
a6 22. Qe2 f6 23. Re4 e5 24. Nb3 Nf4 25. Qc2 Rfd8 26. Ree1 Qg4 27. f3 Qg5 28.
Rad1 h5 29. Nc5 h4 30. Nd3 h3 31. Nxf4 exf4 32. Re2 Re8 33. Qd2 hxg2 34. Rxg2
Qe5 35. Kh1 Ra7 36. Rdg1 Rae7 37. Rg4 Qe3 38. Qg2 Kf7 39. Rxg7+ Ke6 40. Qg4+ Kd5
41. Rxe7 Rxe7 42. Qg8+ Re6 43. Qa8+ Kc4 44. Rb1 Qe5 45. Qg8 Kd3 46. Qd8+ Kc4 47.
Qd1 1/2-1/2

[Event "Mistrzostwa Polski Juniorow do lat 16 - Chlopcy"]
[Site "Jastrzebia Gora"]
[Date "1899-12-30"]
[Round "2.7"]
[White "Skrzypinski, Jan"]
[Black "Zalega, Maciej"]
[Result "1/2-1/2"]
[WhiteTitle "I"]
[BlackTitle "I++"]
[WhiteElo "1688"]
[BlackElo "2140"]

1. e4 c6 2. Bc4 d5 3. Bb3 e6 4. e5 c5 5. c3 d4 6. f4 Nc6 7. Nf3 Nge7 8. Ng1 Ng8
9. Nf3 Nge7 10. O-O d3 11. Ng5 Nd5 12. Qf3 Be7 13. Ne4 Nb6 14. Na3 Na5 15. Nb5
O-O 16. Qg3 c4 17. Bd1 Nd5 18. b3 Qb6+ 19. Nd4 f5 20. Nf2 cxb3 21. axb3 Bc5 22.
b4 Bxd4 23. bxa5 Bxf2+ 24. Qxf2 Qa6 25. Ba3 Rd8 26. Bb3 b5 27. axb6 Qxb6 28. Qxb6
axb6 29. g3 b5 30. Bxd5 exd5 31. Be7 Rxa1 32. Rxa1 Re8 33. Ra7 d4 34. cxd4 Be6
35. Rb7 Bc4 36. Kf2 Ra8 37. Bc5 Ra1 38. Rb8+ Kf7 39. Rf8+ Kg6 40. Rd8 Rh1 41.
Kg2 Rd1 42. Bb4 Rb1 43. Bf8 Rb2 44. Rd7 Rxd2+ 45. Kf3 h6 46. Rxg7+ Kh5 1/2-1/2

[Event "Mistrzostwa Polski Juniorow do lat 16 - Chlopcy"]
[Site "Jastrzebia Gora"]
[Date "1899-12-30"]
[Round "2.8"]
[White "Dylong, Antoni"]
[Black "Marek, Grzegorz"]
[Result "1-0"]
[WhiteTitle "I+"]
[BlackTitle "I"]
[WhiteElo "2034"]
[BlackElo "1657"]

1. d4 Nf6 2. c4 b6 3. f3 Nc6 4. e4 e5 5. d5 Nd4 6. Ne2 Nc6 7. Ng1 Nd4 8. Ne2 Bc5
9. Nxd4 Bxd4 10. Nd2 d6 11. g3 Bc5 12. Nb3 Bb4+ 13. Kf2 Nd7 14. a3 Bc5+ 15. Nxc5
Nxc5 16. b4 Nd7 17. Be3 O-O 18. Bh3 Qe7 19. Qc2 Nf6 20. Bxc8 Rfxc8 21. b5 a5 22.
h4 Rf8 23. g4 Nd7 24. Rag1 f6 25. Rg3 Kh8 26. Ke1 Rf7 27. Qg2 Raf8 28. Rg1 Rg8
29. g5 fxg5 30. hxg5 g6 31. Rh3 Rgf8 32. Rgh1 Kg8 33. Qg4 Rg7 34. Ke2 Nb8 35.
Ke1 Nd7 36. Ke2 Nb8 37. R1h2 Nd7 38. Kd3 Nc5+ 39. Bxc5 dxc5 40. Ke3 Rgf7 41. Ke2
Rf4 42. Qe6+ Qxe6 43. dxe6 Re8 44. Rxh7 Kf8 45. Rxc7 Kg8 46. Rch7 Rff8 47. Rh8+
Kg7 1-0

[Event "Mistrzostwa Polski Juniorow do lat 16 - Chlopcy"]
[Site "Jastrzebia Gora"]
[Date "1899-12-30"]
[Round "2.9"]
[White "Duda, Szymon"]
[Black "Raczek, Krzysztof"]
[Result "0-1"]
[WhiteTitle "I+"]
[BlackTitle "k"]
[WhiteElo "1768"]
[BlackElo "2186"]

1. d4 Nf6 2. c4 g6 3. Nc3 Bg7 4. Nf3 O-O 5. g3 d6 6. Bg2 Nc6 7. d5 Na5 8. b3 c5
9. Bb2 a6 10. O-O Rb8 11. a4 Bd7 12. Ra3 Ne4 13. Qc2 Nxc3 14. Bxc3 Bxc3 15. Qxc3
Bg4 16. e4 Bxf3 17. Bxf3 Qb6 18. Be2 Qb4 19. Qb2 e5 20. Rb1 f5 21. Ra2 fxe4 22.
Qd2 Rf6 23. Qxb4 cxb4 24. Bd1 Rbf8 25. Re2 e3 26. fxe3 Rf1+ 27. Kg2 h5 28. h3
Kg7 29. h4 Kh6 30. Bc2 Rxb1 31. Bxb1 Nxb3 32. Rb2 Nc5 33. Rxb4 g5 34. hxg5+ Kxg5
35. Bc2 h4 36. gxh4+ Kxh4 37. Rb1 e4 38. Rh1+ Kg5 39. Rh3 Rf6 40. a5 Rh6 41. Rxh6
Kxh6 42. Bd1 Kg5 43. Kg3 Kf6 44. Bg4 Nb3 45. Kf4 Nxa5 46. Bc8 Ke7 47. Kxe4 Kd8
48. Bg4 Nxc4 49. Kd4 Ne5 50. Be2 Kc7 51. Kc3 b5 52. Kb4 Kb6 53. e4 a5+ 54. Kb3
Kc5 55. Ka3 Nc4+ 56. Kb3 a4+ 57. Kc3 b4+ 58. Kc2 Kd4 59. e5 b3+ 60. Kc1 Nxe5 61.
Kb2 Nc4+ 62. Ka1 a3 63. Bxc4 Kxc4 64. Kb1 Kxd5 0-1

[Event "Mistrzostwa Polski Juniorow do lat 16 - Chlopcy"]
[Site "Jastrzebia Gora"]
[Date "1899-12-30"]
[Round "2.10"]
[White "Grot, Blazej"]
[Black "Kutowski, Marcel"]
[Result "1-0"]
[WhiteTitle "CM"]
[BlackTitle "I++"]
[WhiteElo "1862"]
[BlackElo "2070"]

1. e4 c5 2. Nf3 d6 3. d4 cxd4 4. Nxd4 Nf6 5. Nc3 a6 6. Be2 e5 7. Nb3 Be7 8. O-O
O-O 9. Re1 Qc7 10. Rf1 Qd8 11. Re1 Qc7 12. Bf3 Be6 13. Be3 Nbd7 14. a4 Rfc8 15.
a5 b5 16. axb6 Nxb6 17. Na5 Nc4 18. Nxc4 Qxc4 19. Na4 Nd7 20. Nc3 Qc6 21. Re2
Qb7 22. Na4 Rab8 23. b3 Rc7 24. h3 h6 25. Qd3 Rc6 26. Rd2 Nc5 27. Qf1 Nd7 28.
Qd3 Nf6 29. Nc3 Qb4 30. Nd5 Bxd5 31. exd5 1-0

[Event "Mistrzostwa Polski Juniorow do lat 16 - Chlopcy"]
[Site "Jastrzebia Gora"]
[Date "1899-12-30"]
[Round "2.11"]
[White "Sliz, Karol"]
[Black "Starosciak, Szymon"]
[Result "0-1"]
[WhiteTitle "I"]
[BlackTitle "I++"]
[WhiteElo "1672"]
[BlackElo "2037"]

1. e4 c5 2. Nf3 d6 3. d4 cxd4 4. Nxd4 Nf6 5. Nc3 Nc6 6. Bg5 Bd7 7. Qd2 Rc8 8. f3
Nxd4 9. Qxd4 Qa5 10. Qd2 Qd8 11. Qd4 Qa5 12. Qd2 e6 13. Bd3 Be7 14. h4 h6 15.
Be3 h5 16. Bg5 a6 17. O-O-O d5 18. e5 d4 19. Nb1 Qxe5 20. Rhe1 Qc5 21. Qf2 Nd5
22. Bxe7 Kxe7 23. Re4 Ne3 24. Re1 Bb5 25. Rxd4 Qxd4 26. Rxe3 Rhd8 27. c3 Bxd3
28. Kd2 Bxb1+ 29. cxd4 Rc2+ 30. Ke1 Rxf2 31. Kxf2 Bxa2 32. Rd3 Rc8 33. Rd2 Bd5
34. g4 hxg4 35. fxg4 Rh8 36. Kg3 f6 37. Rc2 Kd7 38. b4 Rc8 39. Rd2 Rc4 40. h5
Rxb4 41. g5 fxg5 42. Kg4 Rb1 43. Kxg5 a5 44. Rf2 Rg1+ 45. Kh4 a4 46. h6 Rh1+ 47.
Kg5 gxh6+ 48. Kg6 a3 49. Rf7+ Kc6 50. Rf8 a2 51. Rc8+ Kd7 0-1

[Event "Mistrzostwa Polski Juniorow do lat 16 - Chlopcy"]
[Site "Jastrzebia Gora"]
[Date "1899-12-30"]
[Round "2.12"]
[White "Jaskiewicz, Kacper"]
[Black "Stepinski, Piotr"]
[Result "1-0"]
[WhiteTitle "I+"]
[BlackTitle "I"]
[WhiteElo "2027"]
[BlackElo "1759"]

1. d4 Nf6 2. c4 g6 3. Nc3 d5 4. cxd5 Nxd5 5. Bd2 Bg7 6. e4 Nxc3 7. Bxc3 O-O 8.
Qd2 Nc6 9. Rd1 e5 10. d5 Nd4 11. Bd3 Re8 12. Ne2 Bg4 13. Bxd4 exd4 14. O-O Bxe2
15. Qxe2 Qd6 16. f4 Kh8 17. Qf3 c6 18. dxc6 Qxc6 19. Qh3 Rac8 20. b3 b5 21. Rf3
Rc7 22. Rdf1 Rxe4 23. Bxe4 Qxe4 24. f5 h5 25. Qg3 Be5 26. Qg5 Kg7 27. f6+ Kh7
28. Rh3 Qe2 29. g4 Kg8 30. Rxh5 Bxf6 31. Rxf6 Rc2 32. Rxg6+ fxg6 33. Qxg6+ Kf8
34. Rh8+ Ke7 35. Re8+ 1-0

[Event "Mistrzostwa Polski Juniorow do lat 16 - Chlopcy"]
[Site "Jastrzebia Gora"]
[Date "1899-12-30"]
[Round "2.13"]
[White "Ptaszynski, Szymon"]
[Black "Kubik, Rafal"]
[Result "1/2-1/2"]
[WhiteTitle "I"]
[BlackTitle "I++"]
[WhiteElo "1764"]
[BlackElo "1995"]

1. e4 e5 2. Nf3 Nc6 3. Bc4 Bc5 4. c3 Nf6 5. d4 exd4 6. e5 d5 7. Bb5 Ne4 8. cxd4
Bb6 9. Nc3 O-O 10. Bxc6 bxc6 11. Be3 Bg4 12. h3 Bh5 13. Qa4 Nxc3 14. bxc3 Qe8
15. Kd2 Bxf3 16. gxf3 f6 17. f4 Qe6 18. exf6 Rxf6 19. Rag1 Rd8 20. Rg5 Qd6 21.
Qb4 a5 22. Qxd6 cxd6 23. Rhg1 Rd7 24. Rb1 Bd8 25. Rb8 Rf8 26. Rg1 Be7 27. Rxf8+
Kxf8 28. Rb1 Bd8 29. Rb8 Ke7 30. a4 h6 31. Ke2 Ra7 32. Kd3 Kd7 33. Rb1 Kc8 34.
Ke2 Rb7 35. Rxb7 Kxb7 36. Bc1 Kc7 37. Kf3 h5 38. Kg3 Kd7 39. h4 Ke6 40. f3 Kf5
41. Be3 Be7 42. Kh3 Bd8 43. Kg3 Bb6 44. Kh3 Bd8 1/2-1/2

[Event "Mistrzostwa Polski Juniorow do lat 16 - Chlopcy"]
[Site "Jastrzebia Gora"]
[Date "1899-12-30"]
[Round "2.14"]
[White "Rozek, Michal"]
[Black "Krawczyk, Flawian"]
[Result "0-1"]
[WhiteTitle "I"]
[BlackTitle "CM"]
[WhiteElo "1591"]
[BlackElo "1988"]

1. e4 c5 2. Nf3 Nc6 3. Bb5 g6 4. Bxc6 dxc6 5. d3 Bg7 6. h3 e5 7. Nc3 Qe7 8. Be3
Nf6 9. Qd2 h6 10. O-O g5 11. Nh2 Nh5 12. Ne2 Nf4 13. Ng3 Be6 14. Nf5 Bxf5 15.
exf5 O-O-O 16. Rfe1 Qd7 17. Qa5 b6 18. Qa6+ Kb8 19. a4 Nd5 20. Qc4 f6 21. a5 b5
22. Qe4 Bf8 23. Rec1 Nc7 24. Ng4 Be7 25. Nh2 h5 26. Nf1 Ne8 27. Qf3 Qd5 28. Nd2
Qxf3 29. Nxf3 Nd6 30. Bxc5 Nxf5 31. Bxe7 Nxe7 32. Nd2 g4 33. hxg4 hxg4 34. Ne4
f5 35. Ng5 Rdf8 36. Re1 Rh5 37. Ne6 Rfh8 38. Kf1 Nd5 39. Ke2 Rh2 40. c4 Nf4+ 41.
Nxf4 exf4 42. Rg1 Re8+ 43. Kf1 bxc4 44. dxc4 Re4 45. b3 Kb7 46. Rd1 Rh6 47. f3
Re3 48. fxg4 fxg4 49. Rb1 Ka6 50. b4 Rh5 51. Rb2 g3 52. Rb1 Re4 53. Rc1 Rh2 54.
Rc3 Rh6 55. Rc1 Rh7 56. Rc2 Rhe7 57. Rc1 Re2 58. Rh1 Rf2+ 59. Kg1 Ree2 60. Rh6
Rxg2+ 61. Kh1 0-1

[Event "Mistrzostwa Polski Juniorow do lat 16 - Chlopcy"]
[Site "Jastrzebia Gora"]
[Date "1899-12-30"]
[Round "2.15"]
[White "Malinowski, Szymon"]
[Black "Lonski, Aleksander"]
[Result "1-0"]
[WhiteTitle "I++"]
[BlackTitle "I"]
[WhiteElo "1946"]
[BlackElo "1707"]

1. d4 Nf6 2. Bf4 Nh5 3. Bg5 h6 4. Bh4 g6 5. e3 d5 6. Bd3 c6 7. c3 Ng7 8. Nd2 Nf5
9. Bg3 Bg7 10. Ngf3 O-O 11. Qe2 Re8 12. Ne5 a6 13. f4 Qc7 14. Ndf3 Nd7 15. Bxf5
Nxe5 16. Bc2 Nxf3+ 17. Qxf3 Qd7 18. h4 Qg4 19. h5 Kh7 20. hxg6+ fxg6 21. Qf2 Qe6
22. O-O-O Qf7 23. Bh4 Kg8 24. Rdg1 Bg4 25. Qg3 Qe6 26. e4 Kh7 27. Bg5 dxe4 28.
Bxe4 Qxe4 29. Qxg4 Qf5 30. Qh4 Qf8 31. Rh3 Kg8 32. Bxh6 Bxh6 33. Qxh6 Qxh6 34.
Rxh6 Kg7 35. Rgh1 Rf8 36. Rh7+ Kf6 37. g4 Rae8 38. Kd2 Ke6 39. Ke3 Kd7 40. g5
Rf5 41. Rg7 c5 42. dxc5 Ref8 43. Rd1+ Ke8 44. Rd4 Rxc5 45. Rxg6 Rh8 46. Rb6 1-0

[Event "Mistrzostwa Polski Juniorow do lat 16 - Chlopcy"]
[Site "Jastrzebia Gora"]
[Date "1899-12-30"]
[Round "2.16"]
[White "Ugorek, Kacper"]
[Black "Brozynski, Patryk"]
[Result "1/2-1/2"]
[WhiteTitle "I"]
[BlackTitle "II+"]
[WhiteElo "1650"]
[BlackElo "1910"]

1. d4 Nf6 2. c4 g6 3. Nc3 Bg7 4. e4 d6 5. Be2 O-O 6. Bg5 h6 7. Be3 e5 8. d5 a5
9. Qd2 Kh7 10. f3 Na6 11. g4 Ne8 12. h4 Nc5 13. h5 g5 14. Nh3 Bf6 15. Nf2 Bd7
16. Nd3 Qe7 17. Kf2 Ng7 18. b3 Rfd8 19. Qc2 Nxd3+ 20. Qxd3 Ne8 21. Rhd1 Kg8 22.
a3 c5 23. b4 b6 24. Rab1 axb4 25. axb4 Ra7 26. Qd2 Rda8 27. Qb2 Qd8 28. b5 Ra5
29. Ra1 Qb8 30. Rxa5 Rxa5 31. Ra1 Qa7 32. Rxa5 Qxa5 33. Bd2 Bd8 34. Qa2 Qxa2 35.
Nxa2 Bc8 36. Nc3 Nf6 37. Nd1 Nd7 38. Ne3 Nf8 39. Bd1 Bc7 40. Nf1 1/2-1/2

[Event "Mistrzostwa Polski Juniorow do lat 16 - Chlopcy"]
[Site "Jastrzebia Gora"]
[Date "1899-12-30"]
[Round "2.17"]
[White "Klim, Filip"]
[Black "Wandor, Adam"]
[Result "1-0"]
[WhiteTitle "k"]
[BlackTitle "II+"]
[WhiteElo "2083"]
[BlackElo "1641"]

1. e4 c5 2. Nf3 Nc6 3. d4 cxd4 4. Nxd4 Nf6 5. Nc3 g6 6. Nxc6 bxc6 7. e5 Nh5 8.
Be2 Ng7 9. O-O d5 10. exd6 Qxd6 11. Bf3 Bb7 12. Qe2 Ne6 13. Be3 Bg7 14. Ne4 Qc7
15. c3 O-O 16. Nc5 Nxc5 17. Bxc5 Rfe8 18. Rfe1 e5 19. Rad1 Bf8 20. Qc4 Be7 21.
Rd2 Red8 22. Rxd8+ Rxd8 23. Bxa7 Bd6 24. Bc5 Kg7 25. h3 f6 26. a4 Qa5 27. Be3
Qc7 28. b4 Qd7 29. a5 Ra8 30. Rd1 f5 31. Bc5 Ba6 32. Qb3 e4 33. Rxd6 Qxd6 34.
Bxd6 exf3 35. Be5+ Kf8 36. Qe6 1-0

[Event "Mistrzostwa Polski Juniorow do lat 16 - Chlopcy"]
[Site "Jastrzebia Gora"]
[Date "1899-12-30"]
[Round "2.18"]
[White "Kazmierowski, Tymon"]
[Black "Gbiorczyk, Mikolaj"]
[Result "0-1"]
[WhiteTitle "I++"]
[BlackTitle "I+"]
[WhiteElo "1998"]
[BlackElo "1853"]

1. e4 c6 2. d4 d5 3. e5 Bf5 4. h4 h5 5. Bd3 Bxd3 6. Qxd3 e6 7. Nf3 Qa5+ 8. Nbd2
Qa6 9. c4 Nh6 10. b3 Be7 11. O-O Nf5 12. g3 O-O 13. Bb2 c5 14. dxc5 Bxc5 15. Ng5
dxc4 16. Nxc4 Nc6 17. Qf3 g6 18. Ne4 Bd4 19. Bxd4 Ncxd4 20. Nf6+ Kg7 21. Qe4 Rfd8
22. Rfd1 Rac8 23. Rd3 b5 24. Nd6 Nxd6 25. Qxd4 Nc4 26. Qxd8 Rxd8 27. Rxd8 Nxe5
28. Ne8+ Kh6 29. a4 Nf3+ 30. Kg2 Qc6 31. Kh3 g5 32. hxg5+ Nxg5+ 33. Kh2 Qb6 34.
Rd3 Qxf2+ 35. Kh1 Nf3 36. Rxf3 Qxf3+ 37. Kh2 Qxb3 38. Rf1 Qa2+ 39. Kh3 Qxa4 40.
Rf6+ Kg5 41. Rxf7 Qg4+ 42. Kh2 Qe2+ 43. Kh3 b4 44. Rb7 Qf3 45. Rg7+ Kh6 46. Kh2
Qf8 0-1

[Event "Mistrzostwa Polski Juniorow do lat 16 - Chlopcy"]
[Site "Jastrzebia Gora"]
[Date "1899-12-30"]
[Round "2.19"]
[White "Paszkowski, Krystian"]
[Black "Stanislawski, Karol"]
[Result "1-0"]
[WhiteTitle "I++"]
[BlackTitle "I"]
[WhiteElo "1992"]
[BlackElo "1844"]

1. d4 Nf6 2. c4 g6 3. g3 Bg7 4. Bg2 O-O 5. Nc3 d6 6. Nf3 Nc6 7. O-O e5 8. d5 Nb8
9. c5 a5 10. cxd6 cxd6 11. Nd2 Na6 12. Nc4 Qc7 13. Na3 Nc5 14. Nab5 Qe7 15. e4
Ne8 16. Be3 b6 17. f4 f5 18. fxe5 Bxe5 19. Bh6 Bg7 20. Bxg7 Qxg7 21. exf5 Bxf5
22. Nd4 Bd7 23. Rxf8+ Qxf8 24. Qd2 Ng7 25. Rf1 Qe7 26. Nc6 Qe8 27. Nb5 Ne4 28.
Qf4 Bxc6 29. dxc6 d5 30. Bxe4 dxe4 31. Nc7 Ne6 32. Nxe8 Nxf4 33. Nf6+ Kg7 34.
Rxf4 g5 35. Rf1 Rc8 36. c7 e3 37. Nd5 1-0

[Event "Mistrzostwa Polski Juniorow do lat 16 - Chlopcy"]
[Site "Jastrzebia Gora"]
[Date "1899-12-30"]
[Round "2.20"]
[White "Jaworski, Tymon"]
[Black "Kusiak, Mateusz"]
[Result "0-1"]
[WhiteTitle "I+"]
[BlackTitle "I++"]
[WhiteElo "1825"]
[BlackElo "1909"]

1. e4 c5 2. Nf3 Nc6 3. c3 e5 4. d4 cxd4 5. cxd4 exd4 6. Nxd4 Nf6 7. Nc3 Bb4 8.
Nxc6 dxc6 9. Qxd8+ Kxd8 10. Bg5 h6 11. O-O-O Ke7 12. Bh4 g5 13. Bg3 Be6 14. f3
Rhd8 15. a3 Bc5 16. Bd3 b5 17. Ne2 a5 18. h4 Bb3 19. hxg5 hxg5 20. Bc2 Ba2 21.
Be1 Be3+ 22. Bd2 Rxd2 23. Rxd2 Rd8 24. Rhd1 Be6 25. Ng3 Rh8 26. Re1 Bxd2+ 27.
Kxd2 Rh2 28. Re2 Nd7 29. e5 Nb6 30. Ne4 Nc4+ 31. Kc3 g4 32. f4 Bf5 33. Bd3 Nb6
34. Nf6 Na4+ 35. Kd4 Bxd3 36. Kxd3 Rh1 37. Kc2 g3 38. f5 Rf1 39. Ng8+ Kf8 40.
e6 fxe6 41. fxe6 Rf2 42. e7+ Ke8 43. Rd2 Nxb2 44. Kc3 b4+ 45. axb4 axb4+ 46. Kc2
Nc4 47. Kd3 Nxd2 48. Kd4 Re2 49. Kd3 Re6 50. Kxd2 Rg6 0-1

[Event "Mistrzostwa Polski Juniorow do lat 16 - Chlopcy"]
[Site "Jastrzebia Gora"]
[Date "1899-12-30"]
[Round "2.21"]
[White "Pancewicz, Szymon"]
[Black "Trzebinski, Patryk"]
[Result "1/2-1/2"]
[WhiteTitle "I+"]
[BlackTitle "I++"]
[WhiteElo "1909"]
[BlackElo "1826"]

1. e4 c5 2. Nf3 d6 3. d4 cxd4 4. Nxd4 Nf6 5. Nc3 g6 6. Be3 Bg7 7. f3 O-O 8. Qd2
Nc6 9. Bc4 Bd7 10. O-O-O Rb8 11. Kb1 Ne5 12. Be2 b5 13. Ncxb5 Qc8 14. Nc3 Nc4
15. Bxc4 Qxc4 16. Nb3 Qc7 17. Bd4 Be6 18. Nd5 Bxd5 19. exd5 Rb5 20. Qf2 a5 21.
a4 Rb4 22. Rhe1 Rxa4 23. Bc3 Qb7 24. Qd2 Rb8 25. g4 Ne8 26. Bxg7 Nxg7 27. Qc3
Rb4 28. Re4 Rb5 29. Rc4 Ne8 30. Kc1 Qa8 31. Ra4 Rc8 32. Rxa5 Rxa5 33. Qxa5 Qb7
34. Kb1 Ra8 35. Qc3 Nf6 36. Qc6 Qa7 37. Re1 Kf8 38. Qc3 Qf2 39. g5 Ng8 40. Qe3
Qxh2 41. Nd4 h6 42. Nc6 hxg5 43. Nxe7 Qf4 44. Qxf4 gxf4 45. Nc6 Nf6 46. c4 Re8
47. Rxe8+ Kxe8 48. Kc2 Kd7 49. Kd3 Nh5 50. b4 g5 1/2-1/2

[Event "Mistrzostwa Polski Juniorow do lat 16 - Chlopcy"]
[Site "Jastrzebia Gora"]
[Date "1899-12-30"]
[Round "2.22"]
[White "Szymkiewicz, Witold"]
[Black "Nowak, Filip"]
[Result "1/2-1/2"]
[WhiteTitle "I+"]
[BlackTitle "I"]
[WhiteElo "1754"]
[BlackElo "1893"]

1. d4 d5 2. c4 c6 3. Nc3 Nf6 4. cxd5 cxd5 5. Bf4 Nc6 6. e3 Bf5 7. Qb3 Na5 8. Bb5+
Bd7 9. Qa4 e6 10. Bxd7+ Nxd7 11. Nf3 a6 12. O-O b5 13. Qd1 Be7 14. Rc1 Rc8 15.
e4 b4 16. Ne2 dxe4 17. Nd2 Rxc1 18. Qxc1 Qa8 19. Qc7 Bd8 20. Qd6 Be7 21. Qc7 Bd8
22. Qd6 Be7 23. Qc7 Bd8 24. Qd6 Be7 25. Qc7 Bd8 26. Qd6 Be7 27. Qc7 Bd8 1/2-1/2

[Event "Mistrzostwa Polski Juniorow do lat 16 - Chlopcy"]
[Site "Jastrzebia Gora"]
[Date "1899-12-30"]
[Round "2.23"]
[White "Borowik, Wojciech"]
[Black "Wierzbicki, Dawid"]
[Result "1-0"]
[WhiteTitle "I++"]
[BlackTitle "I"]
[WhiteElo "1890"]
[BlackElo "1766"]

1. d4 g6 2. e4 Bg7 3. Nc3 d6 4. Be3 Nd7 5. Nf3 b6 6. Bc4 e6 7. Qd2 Bb7 8. O-O-O
a6 9. d5 e5 10. a3 Nc5 11. b4 Nd7 12. g4 b5 13. Bb3 Nb6 14. Rhg1 Qd7 15. Qd3 Nf6
16. h3 h5 17. g5 Ng8 18. h4 Ne7 19. Kb2 O-O 20. Rd2 Rfd8 21. Qe2 Rac8 22. Rgd1
Kf8 23. Rd3 c5 24. dxc6 Qxc6 25. Bc5 Nd7 26. Rxd6 Qc7 27. Qd2 Ke8 28. Bxf7+ Kxf7
29. Rxd7 Rxd7 30. Qxd7 Bf8 31. Qxc7 Rxc7 32. Nxe5+ Ke6 33. f4 Bg7 34. Rd6# 1-0

[Event "Mistrzostwa Polski Juniorow do lat 16 - Chlopcy"]
[Site "Jastrzebia Gora"]
[Date "1899-12-30"]
[Round "2.24"]
[White "Murawski, Milosz"]
[Black "Przybylski, Bartosz"]
[Result "1/2-1/2"]
[WhiteTitle "I"]
[BlackTitle "I"]
[WhiteElo "1691"]
[BlackElo "1868"]

1. c4 Nf6 2. Nc3 g6 3. Nf3 Bg7 4. g3 O-O 5. Bg2 d6 6. O-O c6 7. d3 e5 8. e4 Qe7
9. Qe2 h6 10. h3 Nbd7 11. Rb1 Nh7 12. Nh2 Nc5 13. Be3 Ne6 14. b4 f5 15. exf5 gxf5
16. b5 Qc7 17. bxc6 bxc6 18. Nb5 Qd7 19. f4 Ba6 20. Na3 Rae8 21. Qc2 exf4 22.
gxf4 Bd4 23. Bxd4 Nxd4 24. Qf2 c5 25. Rbe1 Kh8 26. Nc2 Nxc2 27. Qxc2 Qg7 28. Kh1
Nf6 29. Rxe8 Rxe8 30. Bf3 Rg8 31. Qf2 Bb7 32. Rg1 Qxg1+ 33. Qxg1 Rxg1+ 34. Kxg1
d5 35. Kf2 Ba6 1/2-1/2

[Event "Mistrzostwa Polski Juniorow do lat 16 - Chlopcy"]
[Site "Jastrzebia Gora"]
[Date "1899-12-30"]
[Round "3.1"]
[White "Rog, Bartlomiej"]
[Black "Klimkowski, Jan"]
[Result "1/2-1/2"]
[WhiteTitle "k"]
[BlackTitle "FM"]
[WhiteElo "2127"]
[BlackElo "2481"]

1. e4 c5 2. Nc3 Nc6 3. Bb5 Nd4 4. Nf3 a6 5. Bd3 e6 6. O-O Nc6 7. e5 d5 8. exd6
Bxd6 9. Ne4 Nf6 10. Re1 Nxe4 11. Bxe4 Nd4 12. c3 Nxf3+ 13. Qxf3 O-O 14. d4 cxd4
15. cxd4 Qc7 16. h3 f5 17. Bd3 Bd7 18. Bd2 Bc6 19. Qe2 Bd5 20. Rac1 Qd7 21. Bc4
Rae8 22. Bxd5 exd5 23. Qd3 Re4 24. f3 Rxe1+ 25. Rxe1 Bg3 26. Re2 Bd6 27. Qb3 Bb8
28. Bb4 Qb5 29. Re1 Bg3 30. a4 Qc6 31. Bxf8 Bxe1 32. Bc5 Bg3 33. f4 Bh4 34. Qe3
Bf6 35. Qe2 Kf7 36. Qh5+ Kg8 37. Qxf5 b6 38. Ba3 Bxd4+ 39. Kh2 Bf6 40. Qd3 b5
41. axb5 axb5 42. b3 d4 43. Qf5 g6 44. Qc5 Qxc5 45. Bxc5 d3 46. Bb4 Bb2 47. Kg3
Bc1 48. Kf3 Kf7 49. g3 Ke6 50. Bc3 Kd5 51. Bg7 Bd2 52. Bf8 Bc1 53. Bg7 Bd2 54.
Bf6 h5 55. Be7 Bc1 56. Bf6 d2 57. Ke2 Ke4 58. Be7 Bb2 59. Kxd2 Kf3 60. Bd6 Bd4
61. Kd3 Bf2 62. g4 hxg4 63. hxg4 Kxg4 64. Kc3 Be1+ 65. Kd4 Kf5 66. Kc5 b4 67.
Kc4 Bd2 68. Bxb4 Bxf4 1/2-1/2

[Event "Mistrzostwa Polski Juniorow do lat 16 - Chlopcy"]
[Site "Jastrzebia Gora"]
[Date "1899-12-30"]
[Round "3.2"]
[White "Dziewonski, Dariusz"]
[Black "Madej, Marek"]
[Result "1-0"]
[WhiteTitle "k"]
[BlackTitle "I++"]
[WhiteElo "2237"]
[BlackElo "2052"]

1. e4 e5 2. Nf3 Nc6 3. Bb5 a6 4. Ba4 Nf6 5. O-O Be7 6. Re1 b5 7. Bb3 d6 8. c3 O-O
9. h3 a5 10. a3 a4 11. Bc2 d5 12. d4 Nxe4 13. dxe5 Na5 14. Nbd2 Bb7 15. Nd4 Bc5
16. Nxe4 dxe4 17. Bxe4 Bxe4 18. Rxe4 Nb3 19. Rb1 Qd5 20. Qg4 Bxd4 21. cxd4 f5
22. exf6 Rxf6 23. Re7 Rg6 24. Qe4 Qxe4 25. Rxe4 Rd8 26. Bf4 Nxd4 27. Bxc7 Rd7
28. Ba5 Re6 29. Rbe1 Rxe4 30. Rxe4 Kf7 31. Bc3 Nc6 32. Kf1 g6 33. Ke2 Rd5 34.
Rf4+ Rf5 35. Rxf5+ gxf5 36. Ke3 Ke6 37. g4 Ne7 38. Kf4 h6 39. Bg7 fxg4 40. hxg4
b4 41. axb4 Nd5+ 42. Ke4 Nxb4 43. Bxh6 Kf7 44. Bd2 Nc2 45. Bc1 Kg6 46. f4 Ne1
47. f5+ Kf7 48. g5 Ng2 49. Bd2 Nh4 50. Kf4 1-0

[Event "Mistrzostwa Polski Juniorow do lat 16 - Chlopcy"]
[Site "Jastrzebia Gora"]
[Date "1899-12-30"]
[Round "3.3"]
[White "Krawczyk, Flawian"]
[Black "Janeczko, Jakub"]
[Result "0-1"]
[WhiteTitle "CM"]
[BlackTitle "I++"]
[WhiteElo "1988"]
[BlackElo "2221"]

1. d4 Nf6 2. c4 g6 3. Nc3 Bg7 4. e4 d6 5. h3 O-O 6. Be3 e5 7. d5 Na6 8. g4 Nc5
9. f3 c6 10. b4 Na6 11. a3 Nc7 12. Qd2 cxd5 13. cxd5 h5 14. Nge2 Nh7 15. Rg1 h4
16. Nc1 Bf6 17. Nd3 Bg5 18. Nb2 Bd7 19. Kf2 Rc8 20. Bxg5 Nxg5 21. Qe3 Nb5 22.
Bxb5 Bxb5 23. Kg2 Rxc3 24. Qxc3 Be2 25. Raf1 f5 26. Qe3 fxe4 27. fxe4 Bf3+ 28.
Kh2 Bxe4 29. Rxf8+ Qxf8 30. Rd1 b5 31. Nd3 Nf3+ 32. Kg2 Ne1+ 33. Kg1 Nxd3 34.
Rxd3 Bxd3 35. Qxd3 Kg7 36. Qxb5 Qf3 37. Qd7+ Kh6 38. g5+ Kxg5 39. Qe7+ Kf5 40.
Qxh4 Qe3+ 41. Kf1 Qf4+ 42. Qxf4+ Kxf4 43. a4 Ke4 44. a5 Kxd5 45. b5 Kc5 46. b6
axb6 47. a6 Kc6 0-1